000 00581cab a2200169 4500
001 L130986
008 050912n2005 000 0 eng u
035 _a(Sirsi) u130986
041 0 _aeng
245 0 0 _aDatabank
_bprivate investor
260 _c2005
490 0 _aProperty Week
_v70(37) 16 September 2005, 25(1)
520 _aLooks at the Scottish market, in particular, retail, offices and industrial property from January 2002 to July 2005. Graphs
590 _aIKA270905
690 _aPROPERTY-COMMERCIAL PROPERTY-COMMERCIAL PROPERTY FINANCE AND INVESTMENT
942 _n0
999 _c104612
_d104612